| 000 | 01196cam a22003497i 4500 | ||
|---|---|---|---|
| 001 | 18856031 | ||
| 003 | OSt | ||
| 005 | 20250624105505.0 | ||
| 008 | 151113t20152015caua 001 0 eng d | ||
| 010 | _a 2015430182 | ||
| 020 | _a9781430266013 (paperback) | ||
| 020 | _a1430266015 (paperback) | ||
| 035 | _a(OCoLC)ocn872342369 | ||
| 040 |
_aKABLIB _beng _cKABLIB _erda |
||
| 042 | _alccopycat | ||
| 082 | 0 | 4 |
_a005.268 _223 _bGER |
| 100 | 1 |
_aGerber, Adam, _eauthor. _914418 |
|
| 245 | 1 | 0 |
_aLearn Android Studio : _bbuild Android apps quickly and effectively / _cAdam Gerber, Clifton Craig. |
| 264 | 1 |
_a[Berkeley, CA] : _bApress, _c[2015] |
|
| 264 | 4 | _cc2015 | |
| 300 |
_axxvii, 453 pages : _bill ; _c26 cm |
||
| 336 |
_atext _btxt _2rdacontent |
||
| 337 |
_aunmediated _bn _2rdamedia |
||
| 338 |
_avolume _bnc _2rdacarrier |
||
| 500 | _aIncludes index. | ||
| 630 | 0 | 0 |
_aAndroid (Electronic resource) _914115 |
| 630 | 0 | 7 |
_aAndroid (Electronic resource) _2fast _0(OCoLC)fst01776064 _914115 |
| 650 | 0 |
_aApplication software _xDevelopment. _914116 |
|
| 650 | 7 |
_aApplication software _xDevelopment. _2fast _0(OCoLC)fst00811707 _914116 |
|
| 700 | 1 |
_aCraig, Clifton, _eauthor. _914419 |
|
| 942 |
_2ddc _cBOOK |
||
| 999 |
_c5693 _d5693 |
||